000 00668nam a2200181Ia 4500
008 151018s9999 xx 000 0 und d
082 _bRBASDV15555
_a891.463
100 _aसी पु वालावलकर
245 _aआज चांदणे उन्हात हसले
250 _b1
260 _bसुरस प्रकाशन पंजाब
_c1981
300 _a301
600 _aसी पु वालावलकर
630 _aआज चांदणे उन्हात हसले
700 _aसी पु वालावलकर
730 _aआज चांदणे उन्हात हसले
942 _cBOOK
999 _c1016282
_d1016279